| 000 -LEADER |
| fixed length control field |
00678nam a22001337a 4500 |
| 040 ## - CATALOGING SOURCE |
| Transcribing agency |
RUA |
| 082 ## - DEWEY DECIMAL CLASSIFICATION NUMBER |
| Classification number |
LMA PHA 2023 B1-398 Or.1 |
| 100 ## - MAIN ENTRY--AUTHOR NAME |
| Personal name |
OHAN MENGHOY ផាន់ ម៉េងហ៊ុយ |
| 245 ## - TITLE STATEMENT |
| Title |
STUDY ON LAND MARKET CHANGE IN SANGKAT AT KHMOUNH KHAN SENSOK, PHNOM PENH សិក្សាពីបម្រែបម្រួលទីផ្សារដីធ្លីនៅ សង្កាត់ឈ្មួញ ខណ្ឌសែនសុខ រាជធានីភ្នំពេញ |
| 260 ## - PUBLICATION, DISTRIBUTION, ETC. (IMPRINT) |
| Place of publication |
RUA |
| Name of publisher |
PHNOM PENH |
| Year of publication |
2023 |
| 300 ## - PHYSICAL DESCRIPTION |
| Number of Pages |
ix |
| Other physical details |
ill |
| Dimensions |
29cm |
| 856 ## - ELECTRONIC LOCATION AND ACCESS |
| Uniform Resource Identifier |
https://drive.google.com/file/d/1BgfCISQyUrQan3E6Qf3QjHRTlTX2aFFz/view?usp=sharing |
| 942 ## - ADDED ENTRY ELEMENTS (KOHA) |
| Koha item type |
LMA |
| 952 ## - LOCATION AND ITEM INFORMATION (KOHA) |
| Withdrawn status [LOCAL, KOHA] |
0 |
| 952 ## - LOCATION AND ITEM INFORMATION (KOHA) |
| Withdrawn status [LOCAL, KOHA] |
0 |